00688cam a2200217 i 45000010009000000050017000090080041000260200015000670200019000820200019001010400013001200820023001332450096001562500012002522600053002643000062003177000023003797000021004027000018004237000029004411998848120171121102316.0170912s2009 tu a b 001 0 eng  a9751730176 a9751730724 v.1 a9751730732 v.2 cPK-LaUMT aTRC 956.1015bOTT-10aOttoman civilization /ceditors: Halil Inalcık, Günsel Renda ; translation: Ellen Yazar a2nd ed. aTurkey :bMinistry of Culture and Tourism,c2004 a2 volumes (1166 p.) :bcolor illustrations (739) ;c30 cm1 aİnalcık, Halil,1 aRenda, Günsel.1 aYazar, Ellen.1 aIşın, Priscilla Mary.